[Event "Viljandimaa Region-ch"]
[Site "Viljandi"]
[Date "2004.11.21"]
[Round "9"]
[White "Kuld, Villu"]
[Black "Elmaste, Gert"]
[Result "1-0"]
[WhiteElo "2075"]
[BlackElo "2197"]
[PlyCount "77"]
[EventDate "2004.10.10"]
[EventType "tourn"]
[EventRounds "10"]
[EventCountry "EST"]
[SourceTitle "EXT 2018"]
[Source "ChessBase"]
[SourceDate "2017.10.13"]
[SourceVersion "1"]
[SourceVersionDate "2017.10.13"]
[SourceQuality "1"]

1. e4 c6 2. d4 d5 3. exd5 cxd5 4. c4 Nf6 5. Nc3 Nc6 6. Nf3 Bg4 7. Be2 g6 8. Be3 Bg7 9. 0-0 0-0 10. b3 e6 11. Rc1 Re8 12. h3 Bf5 13. Nh4 Ne4 14. Nxf5 Nxc3 15. Rxc3 exf5 16. Rd3 Qa5 17. cxd5 Qxd5 18. Bf3 Qd6 19. g3 Rad8 20. d5 Nb4 21. Rd2 Bc3 22. Re2 Nxd5 23. Bf4 Be5 24. Rd2 Nxf4 25. Rxd6 Rxd6 26. Qc2 Nxh3+ 27. Kg2 Ng5 28. Bxb7 h5 29. Rd1 Rb6 30. Rd7 f4 31. Bd5 Rf6 32. Qd2 Rc8 33. Bc4 Kg7 34. Qd5 Re8 35. Qb5 fxg3 36. fxg3 Rf3 37. Rxf7+ Nxf7 38. Qxe8 Rxg3+ 39. Kf2 1-0

[Event "Viljandimaa Region-ch"]
[Site "Viljandi"]
[Date "2004.10.24"]
[Round "4"]
[White "Elmaste, Gert"]
[Black "Kuld, Villu"]
[Result "1-0"]
[WhiteElo "2197"]
[BlackElo "2075"]
[PlyCount "68"]
[EventDate "2004.10.10"]
[EventType "tourn"]
[EventRounds "10"]
[EventCountry "EST"]
[SourceTitle "EXT 2018"]
[Source "ChessBase"]
[SourceDate "2017.10.13"]
[SourceVersion "1"]
[SourceVersionDate "2017.10.13"]
[SourceQuality "1"]

1. e4 e6 2. d4 d5 3. exd5 exd5 4. c4 Nf6 5. Nc3 Be7 6. Nf3 0-0 7. Be2 Bg4 8. c5 b6 9. cxb6 axb6 10. 0-0 Ne4 11. Bf4 Nxc3 12. bxc3 Bd6 13. Ne5 Bxe2 14. Qxe2 f6 15. Nd3 Re8 16. Qf3 c6 17. a4 Qc7 18. Bxd6 Qxd6 19. h3 Nd7 20. Rfb1 Ra5 21. Nb2 Qe6 22. Re1 Qxe1+ 23. Rxe1 Rxe1+ 24. Kh2 Ra7 25. c4 Rb1 26. cxd5 c5 27. Nc4 Rb4 28. Nd6 cxd4 29. Qe4 Nf8 30. Nc8 Rd7 31. d6 g6 32. Qd5+ Kg7 33. Ne7 f5 34. Qg8+ Kf6 1-0